000 00556nam a2200169 a 4500
001 000048692
005 20201002061332.0
008 190408s2016 dr 000 0 spa d
020 _a9789945898781
040 _aDO-SdBNP
_bspa
_cBNPHU
245 0 0 _aLey 189-11 sobre fideicomiso y legislación complementaria :
_breglamentos, normas, resolusiones, circulares e instructivos.
250 _a2a. ed.
260 _aSanto Domingo :
_bEditora Dalis,
_c2016.
300 _a808 p. ;
_c23 cm.
500 _aEdición 35 aniversario
590 _aInventariado, 2019/VM
999 _c48180
_d48180